[Event "DVM U12 2012"]
[Site "Verden/Aller GER"]
[Date "2012.12.29"]
[Round "5"]
[White "Kurz, Annika"]
[Black "Hardt, Silas"]
[Result "0-1"]
[Termination "normal"]
[Board "9.4"]
[WhiteElo "963"]
[BlackElo "1087"]
[WhiteTeam "Turm Wadern"]
[BlackTeam "Märkischer Springer Halver-Schalksmühle"]
[BlackFideId "16200667"]
[EventCountry "GER"]
[EventRounds "7"]
[EventType "team-swiss"]
[EventDate "2012.12.26"]

1. e4 e5 2. Nf3 Nc6 3. d4 exd4 4. Bc4 Nf6 5. e5 Qe7 6. O-O Qc5 7. Na3 Ng4 8.
Bf4 d6 9. exd6 cxd6 10. Re1+ Be7 11. Nd2 O-O 12. h3 Nge5 13. Bxe5 dxe5 14. Ne4
Qb4 15. Rb1 Bf5 16. Ng3 Bg6 17. Bd5 Qc5 18. Bxc6 bxc6 19. Qf3 Rfd8 20. Ne4 Qd5
21. c4 dxc3 22. bxc3 Bxa3 23. c4 Qd3 24. Qxd3 Rxd3 25. Ng5 Rd2 26. Rxe5 Bxb1
0-1

[Event "DVM U12 2012"]
[Site "Verden/Aller GER"]
[Date "2012.12.29"]
[Round "5"]
[White "Roseneck, Jonas"]
[Black "Bergauz, Noam"]
[Result "0-1"]
[Termination "normal"]
[Board "10.1"]
[WhiteElo "1710"]
[BlackElo "1888"]
[WhiteTeam "SG Aufbau Elbe Magdeburg"]
[BlackTeam "SK München Südost"]
[WhiteFideId "12939870"]
[BlackFideId "12938033"]
[EventCountry "GER"]
[EventRounds "7"]
[EventType "team-swiss"]
[EventDate "2012.12.26"]

1. e4 c6 2. d4 d5 3. exd5 cxd5 4. c4 Nf6 5. Nc3 Nc6 6. cxd5 Nxd5 7. Bg5 Nxc3 8.
bxc3 Qa5 9. Qd2 Bg4 10. Be2 Bxe2 11. Nxe2 e6 12. O-O Be7 13. Bxe7 Nxe7 14. Rab1
b6 15. Qb2 O-O 16. c4 Rac8 17. Rbc1 Rfd8 18. Rfd1 Nf5 19. Rc3 Qa6 20. Qb3 h6
21. h3 Rd7 22. a3 Rcc7 23. Rdc1 Nd6 24. c5 bxc5 25. dxc5 Qxe2 26. cxd6 Rxc3 27.
Rxc3 Qe1+ 28. Kh2 Qxc3 0-1

[Event "DVM U12 2012"]
[Site "Verden/Aller GER"]
[Date "2012.12.29"]
[Round "5"]
[White "Huber, Benedikt"]
[Black "Rößler, Linus Benedict"]
[Result "0-1"]
[Termination "normal"]
[Board "10.2"]
[WhiteElo "1445"]
[BlackElo "1566"]
[WhiteTeam "SK München Südost"]
[BlackTeam "SG Aufbau Elbe Magdeburg"]
[WhiteFideId "12923583"]
[BlackFideId "12921076"]
[EventCountry "GER"]
[EventRounds "7"]
[EventType "team-swiss"]
[EventDate "2012.12.26"]

1. d4 Nf6 2. c4 g6 3. Nc3 Bg7 4. e4 d6 5. f3 O-O 6. Be3 e5 7. d5 Nbd7 8. Qd2
Ne8 9. Bd3 Qe7 10. Nge2 f6 11. h4 f5 12. g3 Ndf6 13. Bg5 Qf7 14. O-O-O fxe4 15.
Nxe4 Nxe4 16. fxe4 Nf6 17. Rdf1 Bg4 18. Rf2 Qe7 19. Rhf1 Rf7 20. Qe3 b6 21. Bh6
Raf8 22. Bg5 Qe8 23. Nc3 Bh3 24. Bxf6 Bxf1 0-1

[Event "DVM U12 2012"]
[Site "Verden/Aller GER"]
[Date "2012.12.29"]
[Round "5"]
[White "Niemann, Alexander"]
[Black "Bergauz, Igal"]
[Result "1-0"]
[Termination "normal"]
[Board "10.3"]
[WhiteElo "1645"]
[BlackElo "1311"]
[WhiteTeam "SG Aufbau Elbe Magdeburg"]
[BlackTeam "SK München Südost"]
[WhiteFideId "12939862"]
[BlackFideId "12977284"]
[EventCountry "GER"]
[EventRounds "7"]
[EventType "team-swiss"]
[EventDate "2012.12.26"]

1. e4 c6 2. d4 d5 3. exd5 cxd5 4. c4 Nf6 5. Nc3 Bg4 6. Qb3 e6 7. Qxb7 Nbd7 8.
Bf4 Be7 9. cxd5 exd5 10. Ba6 O-O 11. h3 Bf5 12. Nf3 Qb6 13. Qxb6 Nxb6 14. O-O
Rad8 15. Ne5 Bd6 16. Bg5 Rfe8 17. Bb5 Re6 18. Bxf6 Rxf6 19. Nc6 Rd7 20. Rfe1 h6
21. a4 Be6 22. a5 Nc8 23. Nxd5 Bxd5 24. Re8+ Bf8 25. Rxc8 Rb7 26. Ba4 Bxc6 27.
Rxc6 Rxc6 28. Bxc6 Rxb2 29. d5 Bc5 30. a6 Rxf2 31. Kh1 Kf8 32. Re1 g6 33. Bb7
Rf6 34. g4 Rd6 35. Rc1 Bb6 36. Rc6 Rxc6 37. Bxc6 Ke7 38. Kg2 Kf6 39. d6 Ke5 40.
d7 Kd6 41. Ba4 Ke5 42. Bb3 f6 43. Kf3 g5 44. Bc2 Bd8 45. Kg3 Kd4 46. h4 Ke3 47.
h5 Bc7+ 48. Kg2 Ke2 49. Bb3 Ke3 50. Bc4 Kf4 51. Be6 Ke5 52. Bf5 Bb6 53. Kf3 Kd4
54. Ke2 Ba5 55. Kd1 Kc5 56. Kc2 Kc4 57. Be6+ Kb5 58. Kb3 Kxa6 59. Kc4 Kb6 60.
d8=Q+ Ka6 61. Bc8# 1-0

[Event "DVM U12 2012"]
[Site "Verden/Aller GER"]
[Date "2012.12.29"]
[Round "5"]
[White "Voigt, Tobias"]
[Black "Wagner, Tobias"]
[Result "0-1"]
[Termination "normal"]
[Board "10.4"]
[WhiteElo "963"]
[BlackElo "1345"]
[WhiteTeam "SK München Südost"]
[BlackTeam "SG Aufbau Elbe Magdeburg"]
[WhiteFideId "12977314"]
[BlackFideId "12943452"]
[EventCountry "GER"]
[EventRounds "7"]
[EventType "team-swiss"]
[EventDate "2012.12.26"]

1. e4 c5 2. c4 Nc6 3. Nc3 g6 4. g3 Bg7 5. Bg2 d6 6. Nge2 Nf6 7. d3 O-O 8. O-O
a6 9. f4 Rb8 10. a4 Ne8 11. h3 Nc7 12. Qb3 Bd7 13. Kh2 Nb4 14. Rd1 b5 15. g4
Bc6 16. f5 Qd7 17. Rf1 Nxd3 18. axb5 axb5 19. cxb5 Nxb5 20. Nxb5 Bxb5 21. Bd2
Nxb2 22. Bc3 Bxe2 23. Qc2 Bxc3 24. Qxe2 Qb5 25. fxg6 Qxe2 26. gxh7+ Kxh7 27.
Rac1 Be5+ 28. Kh1 Nd3 29. Bf3 Qh2# 0-1

[Event "DVM U12 2012"]
[Site "Verden/Aller GER"]
[Date "2012.12.30"]
[Round "7"]
[White "Kololli, Kevin"]
[Black "Enache, Rares"]
[Result "1-0"]
[Termination "normal"]
[Board "1.1"]
[WhiteElo "1827"]
[BlackElo "1463"]
[WhiteTeam "Lübecker SV von 1873"]
[BlackTeam "TuS Coswig 1920"]
[WhiteFideId "12936863"]
[BlackFideId "12976440"]
[EventCountry "GER"]
[EventRounds "7"]
[EventType "team-swiss"]
[EventDate "2012.12.26"]

1. c4 e5 2. d3 f5 3. Nc3 Nf6 4. g3 d6 5. Bg2 c6 6. Nf3 Be7 7. O-O O-O 8. c5 d5
9. Nxe5 Bxc5 10. d4 Bd6 11. Bf4 Qc7 12. Rc1 Qe7 13. Nd3 Re8 14. Bxd6 Qxd6 15.
b4 a6 16. Na4 Nbd7 17. Ndc5 Nxc5 18. Nxc5 Nd7 19. Nd3 Nb6 20. e3 g6 21. Qb3 Kg7
22. Rc2 Be6 23. Rfc1 Rac8 24. Nc5 Re7 25. Bf1 Rec7 26. a4 Nd7 27. Nxe6+ Qxe6
28. b5 axb5 29. axb5 Qd6 30. b6 Nxb6 31. Qxb6 Qd7 32. Qa5 Qd8 33. Rb1 b5 34.
Rbc1 Kh6 35. Qb4 Kg5 36. Rc5 h5 37. h4+ Kg4 38. Be2+ Kh3 39. Qe1 1-0

[Event "DVM U12 2012"]
[Site "Verden/Aller GER"]
[Date "2012.12.30"]
[Round "7"]
[White "Kunath, Tim"]
[Black "Kololli, Martin"]
[Result "0-1"]
[Termination "normal"]
[Board "1.2"]
[WhiteElo "1387"]
[BlackElo "1816"]
[WhiteTeam "TuS Coswig 1920"]
[BlackTeam "Lübecker SV von 1873"]
[WhiteFideId "12985074"]
[BlackFideId "12936910"]
[EventCountry "GER"]
[EventRounds "7"]
[EventType "team-swiss"]
[EventDate "2012.12.26"]

1. e4 e5 2. Nf3 Nf6 3. Nxe5 d6 4. Nf3 Nxe4 5. d4 d5 6. Bd3 Be7 7. O-O O-O 8.
Nc3 Nf6 9. Bf4 Bg4 10. Be2 Nc6 11. Ne5 Bxe2 12. Nxe2 Bd6 13. Ng3 Re8 14. Re1
Bxe5 15. Bxe5 Ne4 16. Nxe4 dxe4 17. Bg3 Qxd4 18. c3 Qb6 19. Qc2 f5 20. Rad1
Rad8 21. Bh4 Rxd1 22. Rxd1 Ne5 23. Bg3 Nd3 24. b3 f4 25. Bh4 Qh6 26. g3 g5 27.
Bxg5 Qxg5 0-1

[Event "DVM U12 2012"]
[Site "Verden/Aller GER"]
[Date "2012.12.30"]
[Round "7"]
[White "Rieß, Alexander"]
[Black "Lehne, Arwin Hugo"]
[Result "1/2-1/2"]
[Termination "normal"]
[Board "1.3"]
[WhiteElo "1510"]
[BlackElo "1289"]
[WhiteTeam "Lübecker SV von 1873"]
[BlackTeam "TuS Coswig 1920"]
[WhiteFideId "12953326"]
[BlackFideId "12985090"]
[EventCountry "GER"]
[EventRounds "7"]
[EventType "team-swiss"]
[EventDate "2012.12.26"]

1. Nf3 d5 2. g3 Nf6 3. Bg2 c6 4. O-O Bf5 5. d3 e6 6. Nbd2 Be7 7. c4 O-O 8. b3
Nbd7 9. Bb2 Qa5 10. a3 Nb6 11. Qc2 Rac8 12. Nh4 Bg6 13. Nxg6 hxg6 14. Bc3 Qa6
15. Bb2 Rfd8 16. Rfd1 Nbd7 17. Nf3 Qb6 18. Rac1 Bc5 19. d4 Be7 20. Ne5 1/2-1/2

[Event "DVM U12 2012"]
[Site "Verden/Aller GER"]
[Date "2012.12.30"]
[Round "7"]
[White "von Koslowski, Wilhelm"]
[Black "Tiedemann, Fin Niklas"]
[Result "1/2-1/2"]
[Termination "normal"]
[Board "1.4"]
[WhiteElo "1281"]
[BlackElo "1471"]
[WhiteTeam "TuS Coswig 1920"]
[BlackTeam "Lübecker SV von 1873"]
[WhiteFideId "12985147"]
[BlackFideId "12936936"]
[EventCountry "GER"]
[EventRounds "7"]
[EventType "team-swiss"]
[EventDate "2012.12.26"]

1. e4 e5 2. Nf3 Nc6 3. Bc4 Bc5 4. d3 Nf6 5. Be3 Bxe3 6. fxe3 d6 7. O-O Be6 8.
Bb3 Qd7 9. Nc3 Bxb3 10. axb3 d5 11. exd5 Nxd5 12. Qd2 a6 13. d4 exd4 14. exd4
O-O-O 15. Rad1 f6 16. Rfe1 h5 17. Nxd5 Qxd5 18. c4 Qf5 19. d5 Rhf8 20. Qe2 Rde8
21. Qxe8+ Rxe8 22. Rxe8+ 1/2-1/2

[Event "DVM U12 2012"]
[Site "Verden/Aller GER"]
[Date "2012.12.30"]
[Round "7"]
[White "Rogozenco, Teodora"]
[Black "Halas, Julia"]
[Result "1-0"]
[Termination "normal"]
[Board "2.2"]
[WhiteElo "1719"]
[BlackElo "1556"]
[WhiteTeam "Hamburger SK von 1830"]
[BlackTeam "Schachgemeinschaft Leipzig"]
[WhiteFideId "12938084"]
[BlackFideId "12931810"]
[EventCountry "GER"]
[EventRounds "7"]
[EventType "team-swiss"]
[EventDate "2012.12.26"]

1. d4 d5 2. c4 c6 3. cxd5 cxd5 4. Nf3 Nf6 5. Nc3 Nc6 6. Bf4 Bf5 7. Qb3 Qb6 8.
Qxb6 axb6 9. a3 e6 10. e3 Bb4 11. Rc1 Bxc3+ 12. Rxc3 O-O 13. Bb5 Rfc8 14. O-O
Ne4 15. Rcc1 h6 16. Ne5 Nxe5 17. Bxe5 Nd2 18. Rfe1 Nc4 19. e4 Bxe4 20. Bxc4
Rxc4 21. Rxc4 dxc4 22. Rxe4 c3 23. bxc3 Rxa3 24. Re1 Rb3 25. Rc1 b5 26. Bd6 Rb2
27. Kf1 f6 28. f3 Kf7 29. Re1 Rb3 30. Bb4 Rb2 31. Re2 Rb1+ 32. Kf2 Ra1 33. f4
g5 34. f5 e5 35. dxe5 fxe5 36. Rxe5 Ra2+ 37. Re2 Rxe2+ 38. Kxe2 h5 39. Ke3 Kf6
40. Ke4 h4 41. h3 1-0

[Event "DVM U12 2012"]
[Site "Verden/Aller GER"]
[Date "2012.12.30"]
[Round "7"]
[White "Simon, Tim"]
[Black "Meyling, Lennart"]
[Result "0-1"]
[Termination "normal"]
[Board "2.3"]
[WhiteElo "1479"]
[BlackElo "1555"]
[WhiteTeam "Schachgemeinschaft Leipzig"]
[BlackTeam "Hamburger SK von 1830"]
[WhiteFideId "12971740"]
[BlackFideId "12947130"]
[EventCountry "GER"]
[EventRounds "7"]
[EventType "team-swiss"]
[EventDate "2012.12.26"]

1. e4 c5 2. Nf3 d6 3. d4 cxd4 4. Nxd4 Nf6 5. Nc3 a6 6. Be3 e5 7. Nb3 Be6 8. f3
Nbd7 9. Qd2 b5 10. O-O-O Nb6 11. g4 Nfd7 12. h4 b4 13. Nd5 Bxd5 14. exd5 a5 15.
Kb1 a4 16. Nc1 Rb8 17. h5 Be7 18. Be2 h6 19. f4 exf4 20. Bxf4 Nf6 21. Bb5+ Kf8
22. Bc6 a3 23. Rde1 axb2 24. Nb3 Nc4 25. a3 Nxd2+ 26. Nxd2 bxa3 27. Ka2 Qa5 28.
Nc4 Qb4 29. Rxe7 Qxc4+ 0-1

[Event "DVM U12 2012"]
[Site "Verden/Aller GER"]
[Date "2012.12.30"]
[Round "7"]
[White "Balazs, Balint"]
[Black "Biastoch, Bennet"]
[Result "1-0"]
[Termination "normal"]
[Board "3.1"]
[WhiteElo "1832"]
[BlackElo "1549"]
[WhiteTeam "Hagener SV"]
[BlackTeam "SG Aufbau Elbe Magdeburg"]
[WhiteFideId "12922757"]
[BlackFideId "12939889"]
[EventCountry "GER"]
[EventRounds "7"]
[EventType "team-swiss"]
[EventDate "2012.12.26"]

1. e4 c5 2. Nf3 d6 3. d4 cxd4 4. Nxd4 Nf6 5. Nc3 a6 6. Bg5 e6 7. f3 Nbd7 8. Qd2
b5 9. g4 Bb7 10. h4 Be7 11. O-O-O Rc8 12. h5 b4 13. Nce2 Qa5 14. Nb3 Qa4 15.
Kb1 d5 16. Bxf6 Nxf6 17. g5 Nd7 18. Bg2 Nb6 19. Qd4 Qc6 20. Na1 Rg8 21. g6 Bf6
22. e5 Bg5 23. f4 Bh6 24. gxf7+ Kxf7 25. Qxb4 Nc4 26. Nd4 Qd7 27. Bh3 Rge8 28.
f5 Kg8 29. fxe6 Qc7 30. Nf5 Rb8 31. Nxh6+ gxh6 32. Nb3 a5 33. Qc3 d4 34. Rhg1+
Kh8 35. Rxd4 Na3+ 36. Kc1 Qxc3 37. bxc3 Rbc8 38. Rd7 Bf3 39. Bf5 Rxc3 40. Rxh7#
1-0

[Event "DVM U12 2012"]
[Site "Verden/Aller GER"]
[Date "2012.12.30"]
[Round "7"]
[White "Roseneck, Jonas"]
[Black "Hoppe, Andreas"]
[Result "1/2-1/2"]
[Termination "normal"]
[Board "3.2"]
[WhiteElo "1710"]
[BlackElo "1751"]
[WhiteTeam "SG Aufbau Elbe Magdeburg"]
[BlackTeam "Hagener SV"]
[WhiteFideId "12939870"]
[BlackFideId "12922811"]
[EventCountry "GER"]
[EventRounds "7"]
[EventType "team-swiss"]
[EventDate "2012.12.26"]

1. e4 e6 2. d4 d5 3. Nc3 Bb4 4. e5 c5 5. a3 cxd4 6. Qxd4 Nc6 7. Qg4 Bxc3+ 8.
bxc3 Nxe5 9. Qxg7 Qf6 10. Qxf6 Nxf6 11. Bf4 Ng6 12. Be3 b6 13. Be2 Ne4 14. c4
Nc3 15. Bd4 Nxe2 16. Bxh8 Nxg1 17. Bc3 Ne2 18. Kxe2 Ba6 19. Rhe1 Bxc4+ 20. Kf3
Rc8 21. Bf6 Bb5 22. c3 Rc4 23. Bd4 Nh4+ 24. Kg4 Nf5 25. Red1 Nxd4 26. cxd4 e5
27. Rac1 Rxc1 28. Rxc1 exd4 29. Kf3 Bc4 30. Kf4 d3 31. Rd1 Ke7 32. Kg5 b5 33.
Kh6 a5 34. Kxh7 b4 35. axb4 axb4 36. h4 b3 37. Rd2 Kf6 38. h5 d4 39. f3 Kg5 40.
h6 Kf4 41. Kg8 Ke3 42. Rd1 d2 43. h7 Be2 44. Rxd2 Kxd2 45. h8=Q Kc3 46. Qe5 b2
47. Qa5+ Kc2 48. Qe5 Kb3 49. Qb8+ Kc2 50. Qe5 1/2-1/2

[Event "DVM U12 2012"]
[Site "Verden/Aller GER"]
[Date "2012.12.30"]
[Round "7"]
[White "Laubrock, Paul"]
[Black "Rößler, Linus Benedict"]
[Result "1-0"]
[Termination "normal"]
[Board "3.3"]
[WhiteElo "1648"]
[BlackElo "1566"]
[WhiteTeam "Hagener SV"]
[BlackTeam "SG Aufbau Elbe Magdeburg"]
[WhiteFideId "1270509"]
[BlackFideId "12921076"]
[EventCountry "GER"]
[EventRounds "7"]
[EventType "team-swiss"]
[EventDate "2012.12.26"]

1. e4 c5 2. Nf3 d6 3. d4 cxd4 4. Nxd4 Nf6 5. Nc3 a6 6. Bg5 e6 7. Qd2 Nbd7 8. f3
b5 9. O-O-O Bb7 10. g4 Be7 11. h4 Qc7 12. Be3 Nb6 13. h5 b4 14. Nb1 d5 15. e5
Nfd7 16. f4 Nc5 17. Rg1 Nbd7 18. Bg2 Rc8 19. g5 Na4 20. g6 Ndb6 21. gxf7+ Kxf7
22. b3 Nc3 23. Nxc3 Qxc3 24. Qxc3 Rxc3 25. Bd2 Rc7 26. Bh3 Bc8 27. Bxe6+ Bxe6
28. Rxg7+ Kxg7 29. Nxe6+ Kf7 30. Nxc7 a5 31. Be3 Nc8 32. e6+ Kf8 33. f5 Rg8 34.
Bh6+ 1-0

[Event "DVM U12 2012"]
[Site "Verden/Aller GER"]
[Date "2012.12.30"]
[Round "7"]
[White "Niemann, Alexander"]
[Black "Pitzer, Alexander"]
[Result "1-0"]
[Termination "normal"]
[Board "3.4"]
[WhiteElo "1645"]
[BlackElo "1499"]
[WhiteTeam "SG Aufbau Elbe Magdeburg"]
[BlackTeam "Hagener SV"]
[WhiteFideId "12939862"]
[BlackFideId "12922838"]
[EventCountry "GER"]
[EventRounds "7"]
[EventType "team-swiss"]
[EventDate "2012.12.26"]

1. e4 e6 2. d4 d5 3. Nd2 Nc6 4. Ngf3 Bd6 5. e5 Bf8 6. c3 Nb8 7. Bd3 c5 8. O-O
Nc6 9. Re1 Qb6 10. Nf1 cxd4 11. cxd4 Nxd4 12. Nxd4 Bd7 13. Nf3 Bc5 14. Ne3 Ne7
15. a3 Nc6 16. b4 Bd4 17. Nxd4 Qxd4 18. Nc2 Qb6 19. Qg4 O-O-O 20. Be3 Qc7 21.
b5 Nxe5 22. Qe2 b6 23. Rac1 Kb8 24. Nb4 Qd6 25. Na6+ Ka8 26. Bf4 f6 27. Bxe5
fxe5 28. Qxe5 Qxa3 29. Be4 Bxb5 30. Nc7+ Kb7 31. Nxb5 Rc8 32. Nxa3 1-0

[Event "DVM U12 2012"]
[Site "Verden/Aller GER"]
[Date "2012.12.30"]
[Round "7"]
[White "Savchenko, Daniel"]
[Black "Bergauz, Noam"]
[Result "1-0"]
[Termination "normal"]
[Board "4.1"]
[WhiteElo "1650"]
[BlackElo "1888"]
[WhiteTeam "Schachfreunde Gerresheim 86"]
[BlackTeam "SK München Südost"]
[WhiteFideId "12919195"]
[BlackFideId "12938033"]
[EventCountry "GER"]
[EventRounds "7"]
[EventType "team-swiss"]
[EventDate "2012.12.26"]

1. e4 c6 2. d4 d5 3. Nc3 dxe4 4. Nxe4 Bf5 5. Ng3 Bg6 6. f4 e6 7. Nf3 Bd6 8. Bd3
Ne7 9. O-O Qb6 10. Bxg6 Nxg6 11. f5 Nf8 12. Nh5 Rg8 13. Bh6 Kd8 14. Bxg7 Nbd7
15. Ng5 Kc7 16. Nxf7 exf5 17. Qd2 Ne6 18. Qh6 Bxh2+ 19. Kxh2 Nxg7 20. Nxg7 Rxg7
21. Qxg7 Rf8 22. Ne5 Qxd4 23. Qxd7+ 1-0

[Event "DVM U12 2012"]
[Site "Verden/Aller GER"]
[Date "2012.12.30"]
[Round "7"]
[White "Huber, Benedikt"]
[Black "Oezdemir, Edwin-Daniel"]
[Result "1-0"]
[Termination "normal"]
[Board "4.2"]
[WhiteElo "1445"]
[BlackElo "1243"]
[WhiteTeam "SK München Südost"]
[BlackTeam "Schachfreunde Gerresheim 86"]
[WhiteFideId "12923583"]
[BlackFideId "12919055"]
[EventCountry "GER"]
[EventRounds "7"]
[EventType "team-swiss"]
[EventDate "2012.12.26"]

1. d4 d5 2. Bf4 e6 3. e3 Nf6 4. Nf3 c5 5. c3 c4 6. Nbd2 Nc6 7. Be2 Bd6 8. Bg3
Qc7 9. b3 b5 10. a4 b4 11. cxb4 c3 12. Nb1 Ne4 13. Bxd6 Qxd6 14. b5 Na5 15. Qc2
Qb4 16. Bd1 a6 17. bxa6 Bxa6 18. Ne5 f6 19. Nf3 O-O 20. Ng1 Rab8 21. f3 Ng5 22.
Qxc3 Qxc3+ 23. Nxc3 Nxb3 24. Ra3 Na5 25. Nge2 Nc4 26. Ra2 Nxe3 27. Kf2 Nc4 28.
Nf4 Rfe8 29. Re1 Kf7 30. h4 e5 31. hxg5 exf4 32. gxf6 Rb2+ 33. Rxb2 Nxb2 34.
Rxe8 Kxe8 35. fxg7 Kf7 36. Bb3 Nd3+ 37. Kg1 Kxg7 38. Nxd5 Nc1 39. Bd1 Nd3 40.
Be2 Bc4 41. Nxf4 Nxf4 42. Bxc4 Kf6 43. a5 Kg5 44. a6 Kh4 45. a7 Kg3 46. a8=Q
Nxg2 47. Qg8+ Kxf3 48. Qxg2+ Kf4 49. Qd5 h5 50. Qe5+ Kg4 51. Be2+ Kh3 52. Qh2#
1-0

[Event "DVM U12 2012"]
[Site "Verden/Aller GER"]
[Date "2012.12.30"]
[Round "7"]
[White "Zhuk, Margarita"]
[Black "Bergauz, Igal"]
[Result "1-0"]
[Termination "normal"]
[Board "4.3"]
[WhiteElo "1240"]
[BlackElo "1311"]
[WhiteTeam "Schachfreunde Gerresheim 86"]
[BlackTeam "SK München Südost"]
[BlackFideId "12977284"]
[EventCountry "GER"]
[EventRounds "7"]
[EventType "team-swiss"]
[EventDate "2012.12.26"]

1. e4 c6 2. d4 d5 3. Nc3 dxe4 4. Nxe4 Bf5 5. Ng3 Bg6 6. f4 e6 7. Nf3 Bd6 8. Bd3
Ne7 9. O-O Qb6 10. Kh1 O-O 11. Be3 Nd5 12. Bxg6 Nxe3 13. Qd3 Nxf1 14. Bxh7+ Kh8
15. Rxf1 Bxf4 16. Nh5 Bh6 17. Ne5 g6 18. Bxg6 Qc7 19. Bxf7 Rxf7 20. Nxf7+ Qxf7
21. Rxf7 Na6 22. Qh7# 1-0

[Event "DVM U12 2012"]
[Site "Verden/Aller GER"]
[Date "2012.12.30"]
[Round "7"]
[White "Voigt, Tobias"]
[Black "Rodzin, Konstantin"]
[Result "0-1"]
[Termination "normal"]
[Board "4.4"]
[WhiteElo "963"]
[BlackElo "999"]
[WhiteTeam "SK München Südost"]
[BlackTeam "Schachfreunde Gerresheim 86"]
[WhiteFideId "12977314"]
[EventCountry "GER"]
[EventRounds "7"]
[EventType "team-swiss"]
[EventDate "2012.12.26"]

1. e4 d5 2. exd5 Qxd5 3. Nc3 Qd6 4. Nf3 a6 5. Bc4 Nf6 6. d4 Bf5 7. g3 Bg4 8.
Bf4 Qb6 9. b3 Nc6 10. h3 Bxf3 11. Qxf3 Nxd4 12. Qd3 e6 13. O-O-O O-O-O 14. Be3
Nxb3+ 15. cxb3 Rxd3 16. Bxb6 Rxc3+ 17. Kb2 Rxc4 18. bxc4 cxb6 19. Rd3 Bc5 20.
f3 Nd7 21. Rhd1 Ne5 22. R3d2 Nxf3 23. Kc2 Nxd2 24. Rxd2 Rd8 25. Re2 Kc7 26. h4
Rd4 27. g4 Rf4 28. h5 Rf3 29. g5 Rf2 30. Rxf2 Bxf2 31. a4 Be3 32. g6 hxg6 33.
hxg6 fxg6 34. a5 bxa5 35. Kb3 b5 36. Ka2 g5 37. Ka3 g4 38. Ka2 g3 39. Ka3 g2
40. Ka2 g1=Q 41. Ka3 Kc6 42. Kb3 Qg4 43. Ka2 Qxc4+ 44. Ka1 Bd4+ 45. Kb1 Qb3+
46. Kc1 Qb2+ 0-1

[Event "DVM U12 2012"]
[Site "Verden/Aller GER"]
[Date "2012.12.30"]
[Round "7"]
[White "Joeres, Stefan"]
[Black "Dürr, Florian"]
[Result "0-1"]
[Termination "normal"]
[Board "5.1"]
[WhiteElo "1321"]
[BlackElo "1880"]
[WhiteTeam "Karlsruher SF 1853"]
[BlackTeam "SC Erlangen 48/88"]
[WhiteFideId "12983160"]
[BlackFideId "24659134"]
[EventCountry "GER"]
[EventRounds "7"]
[EventType "team-swiss"]
[EventDate "2012.12.26"]

1. e4 c5 2. c3 g6 3. d4 cxd4 4. cxd4 d5 5. exd5 Nf6 6. Bf4 Bg7 7. Be5 Qxd5 8.
Nc3 Qa5 9. Bb5+ Bd7 10. Qa4 Qxa4 11. Bxa4 O-O 12. Bxd7 Nbxd7 13. Nf3 Nxe5 14.
dxe5 Nd7 15. e6 fxe6 16. O-O Rac8 17. Rac1 Nc5 18. Rfe1 Nd3 19. Ng5 Nxe1 20.
Nxe6 Nd3 21. Rc2 Rf6 22. Nxg7 Kxg7 23. g3 Nxb2 24. Rxb2 Rxc3 25. Rxb7 Ra3 26.
Rxe7+ Kg8 27. Re2 Rfa6 28. Re8+ Kf7 29. Rh8 h5 30. g4 hxg4 31. Rh4 R6a4 32.
Rh7+ Kf6 33. Kg2 Rxa2 34. h3 gxh3+ 35. Rxh3 Rf4 36. Kg1 Rfxf2 37. Re3 Rfc2 38.
Re1 g5 39. Kh1 g4 40. Kg1 Kg5 41. Kh1 Kh4 42. Kg1 Kh3 0-1

[Event "DVM U12 2012"]
[Site "Verden/Aller GER"]
[Date "2012.12.30"]
[Round "7"]
[White "Tong, Kevin"]
[Black "Koll, Lukas"]
[Result "0-1"]
[Termination "normal"]
[Board "5.2"]
[WhiteElo "1637"]
[BlackElo "1340"]
[WhiteTeam "SC Erlangen 48/88"]
[BlackTeam "Karlsruher SF 1853"]
[WhiteFideId "12913944"]
[BlackFideId "12969737"]
[EventCountry "GER"]
[EventRounds "7"]
[EventType "team-swiss"]
[EventDate "2012.12.26"]

1. e4 e5 2. Nf3 Nc6 3. d4 exd4 4. Nxd4 Bc5 5. Be3 Qf6 6. Nb5 Bxe3 7. fxe3 Qd8
8. Qg4 Kf8 9. Qf4 d6 10. Bc4 Nf6 11. O-O a6 12. Nd4 Ne5 13. Be2 Qe8 14. Nc3 c6
15. Rad1 Qe7 16. Nf3 Nh5 17. Nxe5 Nxf4 18. exf4 dxe5 19. fxe5 Be6 20. Rd6 Rd8
21. Rfd1 Rxd6 22. exd6 Qd8 23. e5 g6 24. Ne4 Qb6+ 25. Kf1 Kg7 26. Nf6 Rd8 27.
b3 Qa5 28. Ng4 Bxg4 29. Bxg4 Qxe5 30. d7 f5 31. Bf3 Qe6 32. Kf2 Rxd7 33. Rxd7+
Qxd7 34. c4 Qd2+ 35. Kg3 Qxa2 36. b4 Qxc4 37. b5 axb5 38. h3 b4 39. Kh2 b3 40.
Kg1 b2 41. Kf2 b1=Q 42. Kg3 Qe1+ 43. Kh2 Qf4+ 44. g3 Qfxg3# 0-1

[Event "DVM U12 2012"]
[Site "Verden/Aller GER"]
[Date "2012.12.30"]
[Round "7"]
[White "Grüninger, Maxim"]
[Black "Koll, Linus"]
[Result "1-0"]
[Termination "normal"]
[Board "5.4"]
[WhiteElo "1324"]
[BlackElo "1197"]
[WhiteTeam "SC Erlangen 48/88"]
[BlackTeam "Karlsruher SF 1853"]
[WhiteFideId "12942960"]
[BlackFideId "12990299"]
[EventCountry "GER"]
[EventRounds "7"]
[EventType "team-swiss"]
[EventDate "2012.12.26"]

1. e4 e5 2. Nf3 Nc6 3. d4 exd4 4. Nxd4 Bc5 5. Be3 Qf6 6. Nb5 Bd6 7. Nxd6+ Qxd6
8. Qxd6 cxd6 9. Nc3 b6 10. Nd5 Kd8 11. Bc4 Ne5 12. Bd4 Nf6 13. Bxe5 dxe5 14.
Nxf6 gxf6 15. Bxf7 d6 16. Bc4 Bb7 17. f3 Rc8 18. Bb3 Ba6 19. O-O-O Bc4 20.
Rxd6+ Ke7 21. Rhd1 Bxb3 22. Rd7+ Ke8 23. axb3 Ra8 24. R7d6 Rf8 25. g3 f5 26.
Re6+ Kf7 27. Rxe5 fxe4 28. Rxe4 Kg6 29. Rg4+ Kf6 30. Rf4+ Kg6 31. Rxf8 Rxf8 32.
f4 Rf7 33. Kd2 Re7 34. Re1 Rd7+ 35. Ke2 Rc7 36. c3 Re7+ 37. Kf2 Rd7 38. Re6+
Kf5 39. Rh6 Rd2+ 40. Kf3 Rxb2 41. g4# 1-0

[Event "DVM U12 2012"]
[Site "Verden/Aller GER"]
[Date "2012.12.30"]
[Round "7"]
[White "Roos, Jonas"]
[Black "Dittrich, Tom"]
[Result "1-0"]
[Termination "normal"]
[Board "6.1"]
[WhiteElo "1510"]
[BlackElo "1635"]
[WhiteTeam "SC Porta Westfalica Holtrup 1950"]
[BlackTeam "SG Blau-Weiß Stadtilm"]
[WhiteFideId "16200721"]
[BlackFideId "12923532"]
[EventCountry "GER"]
[EventRounds "7"]
[EventType "team-swiss"]
[EventDate "2012.12.26"]

1. e4 c5 2. d4 cxd4 3. c3 d3 4. Bxd3 g6 5. Nf3 Bg7 6. c4 d6 7. Nc3 Nf6 8. O-O
O-O 9. Qe2 Nc6 10. h3 h6 11. Rd1 Qe8 12. Bf4 Be6 13. Nd5 Bxd5 14. cxd5 Nb8 15.
Bb5 Nbd7 16. e5 Nh5 17. Bh2 a6 18. Bxd7 Qxd7 19. g4 1-0